000 00780nab a2200229 u 4500
001 16073
003 HDC
007 cr bn ---aaaaa
008 210220c20091215xx dr|noo 0 a eng d
040 _aHDC
245 0 _aHIG to host world's first conference between Islamic finance, halal players
260 _a[No place] :
_b[publisher not identified],
_c2009
336 _atext
_2rdacontent
337 _acomputer
_2rdamedia
338 _aonline resource
_2rdacarrier
650 _ahalal industry
_9144
650 _aIslamic finance
_9181
856 _zRequest full-text at [email protected]
942 _2lcc
942 _cNEWS
942 _kNWSO 005643
999 _c13389
_d13389